Torment / (Record no. 229230)
[ view plain ]
| 000 -LEADER | |
|---|---|
| fixed length control field | 01325cam a2200349 a 4500 |
| 001 - CONTROL NUMBER | |
| control field | in900640051 |
| 005 - DATE AND TIME OF LATEST TRANSACTION | |
| control field | 20180104095644.0 |
| 008 - FIXED-LENGTH DATA ELEMENTS--GENERAL INFORMATION | |
| fixed length control field | 111003s2011 nyu d 000 1 eng |
| 010 ## - LIBRARY OF CONGRESS CONTROL NUMBER | |
| Canceled/invalid LC control number | 2010035306 |
| 020 ## - INTERNATIONAL STANDARD BOOK NUMBER | |
| International Standard Book Number | 9780385739153 (pbk.) |
| 020 ## - INTERNATIONAL STANDARD BOOK NUMBER | |
| International Standard Book Number | 038573915X (pbk.) |
| 035 ## - SYSTEM CONTROL NUMBER | |
| System control number | 1162244 |
| 040 ## - CATALOGING SOURCE | |
| Original cataloging agency | TnLvILS |
| Transcribing agency | TnLvILS |
| Modifying agency | TnLvILS |
| 092 ## - LOCALLY ASSIGNED DEWEY CALL NUMBER (OCLC) | |
| Classification number | YA KATE |
| 100 1# - MAIN ENTRY--PERSONAL NAME | |
| Personal name | Kate, Lauren. |
| 9 (RLIN) | 5738429 |
| 245 10 - TITLE STATEMENT | |
| Title | Torment / |
| Statement of responsibility, etc | Lauren Kate. |
| 250 ## - EDITION STATEMENT | |
| Edition statement | 1st Ember ed. |
| 260 ## - PUBLICATION, DISTRIBUTION, ETC. (IMPRINT) | |
| Place of publication, distribution, etc | New York : |
| Name of publisher, distributor, etc | Ember, |
| Date of publication, distribution, etc | 2011. |
| 264 ## - Publisher, distributor, etc. | |
| Place of production, publication, distribution, manufacture | New York |
| Name of producer, publisher, distributor, manufacturer | Ember |
| Date of production, publication, distribution, manufacture, or copyright notice | 2011 |
| 300 ## - PHYSICAL DESCRIPTION | |
| Extent | 452 p. ; |
| Dimensions | 21 cm. |
| 336 ## - CONTENT TYPE | |
| Content type term | text |
| 337 ## - MEDIA TYPE | |
| Media type term | unmediated |
| 338 ## - CARRIER TYPE | |
| Carrier type term | volume |
| 490 1# - SERIES STATEMENT | |
| Series statement | A fallen novel. |
| 500 ## - GENERAL NOTE | |
| General note | Copyright date: 2010. |
| 500 ## - GENERAL NOTE | |
| General note | Includes excerpts from several other novels. |
| 520 ## - SUMMARY, ETC. | |
| Summary, etc | In a desperate effort to save Luce from the Outcasts--immortals who want her dead--Luce and Daniel are forced to be apart from each other and, as she discovers more about her past lives, Luce starts to suspect that Daniel may have lied to her about their shared past and that she may have been destined to be with someone else all along. |
| 650 #0 - SUBJECT ADDED ENTRY--TOPICAL TERM | |
| Topical term or geographic name as entry element | Paranormal fiction. |
| 9 (RLIN) | 5675336 |
| 650 #0 - SUBJECT ADDED ENTRY--TOPICAL TERM | |
| Topical term or geographic name as entry element | Love stories. |
| 9 (RLIN) | 87149 |
| 650 #0 - SUBJECT ADDED ENTRY--TOPICAL TERM | |
| Topical term or geographic name as entry element | Reincarnation |
| Form subdivision | Juvenile fiction. |
| 9 (RLIN) | 5738430 |
| 650 #0 - SUBJECT ADDED ENTRY--TOPICAL TERM | |
| Topical term or geographic name as entry element | Angels |
| Form subdivision | Juvenile fiction. |
| 9 (RLIN) | 5688902 |
| 650 #1 - SUBJECT ADDED ENTRY--TOPICAL TERM | |
| Topical term or geographic name as entry element | Occultism |
| Form subdivision | Fiction. |
| 9 (RLIN) | 5733445 |
| 650 #1 - SUBJECT ADDED ENTRY--TOPICAL TERM | |
| Topical term or geographic name as entry element | Love stories. |
| 9 (RLIN) | 87149 |
| 650 #1 - SUBJECT ADDED ENTRY--TOPICAL TERM | |
| Topical term or geographic name as entry element | Reincarnation |
| Form subdivision | Fiction. |
| 9 (RLIN) | 5692127 |
| 650 #1 - SUBJECT ADDED ENTRY--TOPICAL TERM | |
| Topical term or geographic name as entry element | Angels |
| Form subdivision | Fiction. |
| 9 (RLIN) | 5688903 |
| 800 1# - SERIES ADDED ENTRY--PERSONAL NAME | |
| Personal name | Kate, Lauren. |
| Title of a work | Fallen novel. |
| 9 (RLIN) | 5693726 |
| 907 ## - LOCAL DATA ELEMENT G, LDG (RLIN) | |
| a | .b275464878 |
| 942 ## - ADDED ENTRY ELEMENTS (KOHA) | |
| Source of classification or shelving scheme | Dewey Decimal Classification |
| Item type | BOOK |
| Withdrawn status | Lost status | Source of classification or shelving scheme | Damaged status | Not for loan | Collection code | Home library | Current library | Shelving location | Date acquired | Source of acquisition | Cost, normal purchase price | Total Checkouts | Total Renewals | Full call number | Barcode | Date last seen | Date last borrowed | Cost, replacement price | Price effective from | Koha item type |
|---|---|---|---|---|---|---|---|---|---|---|---|---|---|---|---|---|---|---|---|---|
| Dewey Decimal Classification | Young Adult Fiction | Wasatch County Library | Wasatch County Library | Main Floor Teen Area | 05/23/2017 | AMAZON | 17.99 | 21 | 15 | YA Kate | 34301001358417 | 07/28/2025 | 07/15/2025 | 17.99 | 03/20/2020 | BOOK |
